| 000 | 00476nam a2200169 4500 | ||
|---|---|---|---|
| 001 | 10576 | ||
| 005 | 20230410130429.0 | ||
| 008 | 060907n1982 dr spa | ||
| 035 | _9funglode10660 | ||
| 041 | _aES | ||
| 050 | 1 | 4 | _aPA 3161 M672c 1982 |
| 100 | _aMiranda Cancela, Elina | ||
| 245 | 1 |
_aComedia y sociedad en la antigua Grecia / _cElina Miranda Cancela |
|
| 260 |
_aHabana, Cuba : _bEditorial Letras Cubanas, _c1982 |
||
| 300 | _a119 p. | ||
| 942 |
_2lcc _cbk |
||
| 999 |
_c74349 _d74349 |
||